000 00521nam a22002057a 4500
003 OSt
005 20140310182804.0
008 130214t xxu||||| |||| 00| 0 eng d
020 _a9789126692302
050 _aQL48
_b.L296 2010
082 _aM 590
_b.L29 2010
245 _aPractical Zoology /
_cLantu, Midya
260 _aNew York
_bMacmillan
_cc2010
300 _axvi, 561 p. : ill.
_c24 cm.
521 _acollege students
526 _c1210L-1700L
541 _j1
562 _e1
942 _2lcc
_cBK
_kM
999 _c16048
_d16048